Statistics for how well do you konw srilanka history

Click here to take the quiz!

General Stats

  • This quiz has been taken 4 times
  • The average score is 8 of 15

Answer Stats

QuestionAnswer% Correct
when did sri lanka get independent from british?4 february 1948
100%
which was srilankas last kingdom that didnt get envaded by portugal or dutch and lasted 1469–1815?kingdom of kandy
100%
who were sri lankas 3 envaders?potugal,dutch,britain
100%
how long was srilankan civil war.1983 to 2009
75%
civil war started date23 july 1983
75%
what is sri lankas old name?ceylon
75%
end date of civil war19 may 2009
50%
when were the easter bombing in sri lanka21 april 2019
50%
who fought in kandyan wars?british & kingdom of kandy
50%
in 1956 which prime minister passed the sihala only actS. W. R. D. Bandaranaike
50%
witch is NOT a bombed church?cinnamon grand colombo
25%
what are the places that got bombed?colombo,negombo,batticola
25%
which former president fleed the place in 2022 because of protesters and political unrest?gotabaya rajapaksa
25%
what is the first sri lankan kingdomkingdom of anuradhapura
25%
how long is kandyan wars?1796 to 1818
0%

Score Distribution

Percentile by Number Answered

Percent of People with Each Score

Your Score History

You have not taken this quiz